| 000 | 00576nam a2200217Ia 4500 | ||
|---|---|---|---|
| 001 | 21647 | ||
| 003 | GE_BSU | ||
| 008 | 181216s||||||||xx |||||||||||||| ||und|| | ||
| 040 | _cGE_BSU | ||
| 080 | _a811.112 | ||
| 100 | _aMiddleman, Doris | ||
| 245 | _aSprechen Horen Sprechen: Ubungen zur deutschen Aussprache | ||
| 260 | _aMunchen | ||
| 260 | _bVerlag fur Deutsch | ||
| 260 | _c1996 | ||
| 300 | _a91p. 21cm. | ||
| 541 | _h6 Gel. | ||
| 653 | _aSprechen Horen Sprechen: Ubungen zur deutschen Aussprache | ||
| 653 | _aგერმანული ენა | ||
| 942 | _cBK | ||
| 999 |
_c54581 _d54581 |
||